Представление документа в формате MARC21

Поле Инд. ПП Название Значение
Тип записи a
Библиографический уровень b
001 Контрольный номер RU/IS/BASE/264553962
005 Дата корректировки 20240516142408.1
008 Кодируемые данные 19970521
084 a Индекс другой классификации/Индекс ББК 63.3(2)53-37ю14; 86.372.24-3
245 10 a Заглавие Встреча в Ставке
b Продолж. заглавия Николай II и А. Д. Самарин. Июнь 1915 г. "Рассказ Саши о поездке к государю в Барановичи 19-21 июня 1915 г."
c Ответственность Запись рассказа П. Д. Самарина; Публикация и предисловие М. И. Чернова
500 00 a Примечание Рассказ записан братом А. Д. Самарина - П. Д. Самариным
504 00 a Библиография Примеч.
600 14 a Персоналии Николай II (рос. император)
a Персоналии Самарин Александр Дмитриевич
650 04 a Основная рубрика история
a Основная рубрика православие
a Основная рубрика религиоведение
a Основная рубрика религия; история религии
a Основная рубрика русская православная церковь
a Основная рубрика христианство
653 00 a Ключевые слова XX век
a Ключевые слова Россия
a Ключевые слова Святейший Синод
a Ключевые слова Синод
700 10 a Автор Самарин П. Д.
e Роль лиц автор записи беседы
700 10 a Автор Чернов М. И.
e Роль лиц автор публикации; автор предисловия
773 00 t Заглавие источника Исторический архив
d Дата издания источника 1996
g Прочая информация № 2. - С. 176 - 186
w Контрольный № источника RU/IS/BASE/142005402
901 t Тип документа b